Focus sur: Ted Tonks - Harry Potter - Statistiques

Statistiques générales
  • Ce quiz a été pris 145 fois
  • Le résultat moyen est 4 sur 5
Statistiques - réponses
Informations recherchées Réponses % Correct
Première apparition Harry Potter et les Reliques de la Mort
92%
Statut du sang Né-Moldu
87%
Fille Nymphadora Tonks
85%
Épouse Andromeda Tonks
74%
Lieu de rencontre avec Harry Potter Maison des Tonks
49%
Aucun quiz correspondant
Distribution des résultats
% des personnes avec chaque résultat
Percentile par nombre de réponses
Votre historique - résultats
Vous n’avez pas pris ce quiz